000 00900nam a2200241 i 4500
001 8479
003 ES-MaACL
005 20230906145451.0
007 t|
008 920622s1990 sp |||| | spa d
080 _a016:86.0(7/8)
080 _a86.0(7/8):016
080 _a014.3:05(464.1)La América
080 _a05(46)La América
100 1 _aHernández Prieto, María Isabel.
_963028
245 1 0 _aEscritores hispanoamericanos en "La América" (1857-1886) /
_cMª Isabel Hernández Prieto.
260 _aMadrid :
_bUniversidad Complutense,
_c1990-1991.
300 _ap. 13-27, 13-31 ;
_c25 cm.
500 _aSeparatas de: Anales de literatura hispanoamericana, n. 19 y n. 20.
630 3 _aLa América (Madrid. 1857)-
_vÍndices.
_9148652
650 1 4 _aLiteratura hispanoamericana-
_yS.XIX-
_xBibliografías.
_914608
852 _aES-MaACL
_jL-15825
_bR.120453
_q. - Ded. autógr. de la autora
999 _c8479
_d8479